Partidos y poder en la Argentina moderna: 1930-46
Gespeichert in:
| 1. Verfasser: | |
|---|---|
| Format: | Buch |
| Sprache: | Spanisch |
| Veröffentlicht: |
Buenos Aires
Hyspamerica
1985
|
| Schriftenreihe: | Biblioteca Argentina de Historia y Política
|
| Schlagworte: | |
| Tags: |
Tag hinzufügen
Keine Tags, Fügen Sie den ersten Tag hinzu!
|
MARC
| LEADER | 00000nam a2200000 a 4500 | ||
|---|---|---|---|
| 001 | UCX1436 | ||
| 003 | CL-VaPUC | ||
| 008 | 900823e19850000AG |||||||||||||||||spa|d | ||
| 082 | 0 | 4 | |a 324.282 |b CIR |2 21 |
| 100 | 0 | |a Ciria, Alberto |e author |9 316922 | |
| 245 | 1 | 0 | |a Partidos y poder en la Argentina moderna: 1930-46 |
| 300 | |a 414 p | ||
| 942 | |c BK | ||
| 945 | |d 19900823 00:00:00 | ||
| 260 | |a Buenos Aires |b Hyspamerica |c 1985 | ||
| 650 | 0 | |a Partidos políticos |9 254999 | |
| 651 | 0 | |a Argentina |9 254888 | |
| 583 | |a last modification |c 19900823 00:00:00 |k Rodrigo Vera | ||
| 490 | 0 | |a Biblioteca Argentina de Historia y Política | |
| 999 | |c 222669 |d 222667 | ||
| 952 | |0 0 |1 0 |4 0 |6 324_282000000000000_CIR_1985 |7 0 |8 A |9 217730 |a BIBHIS |b BIBHIS |d 2019-11-15 |i 286620K |o 324.282 CIR 1985 |p 286620K |r 2025-01-20 |w 2019-11-15 |y BK |k HIS | ||